مكتبة جامعة عجلون الوطنية

فهرس بحث المكتبة

Normal view MARC view
  • التعليم الخاص-التربي-رعاية الطفولة

Entry Topical Term

Number of records used in: 1

001 - CONTROL NUMBER

  • control field: 42938

003 - CONTROL NUMBER IDENTIFIER

  • control field: JO-AjAnu

005 - DATE AND TIME OF LATEST TRANSACTION

  • control field: 20230606081124.0

008 - FIXED-LENGTH DATA ELEMENTS

  • fixed length control field: 230606|| aca||aabn | a|a d

040 ## - CATALOGING SOURCE

  • Original cataloging agency: JO-AjAnu
  • Transcribing agency: JO-AjAnu

150 ## - HEADING--TOPICAL TERM

  • Topical term or geographic name entry element: التعليم الخاص-التربي-رعاية الطفولة

670 ## - SOURCE DATA FOUND

  • Source citation: Work cat.: (JO-AjAnu)21990: دعنا، زينات بوسف مترجمة/طبال، سهى مراجع/Raver,Sharon A مؤلف, author 42937, التربية الخاصة في مرحلة الطفولة المبكرة من الولادة وحتى ثمانية سنوات إستراتيجيات لنتاجات إيجابية